| 000 | 00692nam a2200181Ia 4500 | ||
|---|---|---|---|
| 008 | 090124s9999 xx 000 0 und d | ||
| 082 | _b24700 | ||
| 100 | _aकुलकर्णी रामचंद्र पुरुषोत्तम | ||
| 245 | _a डॉ. होमी भाभा | ||
| 250 | _a1 | ||
| 260 |
_bअभिनव प्रकाशन _c1970 |
||
| 300 | _a61 | ||
| 600 | _aकुलकर्णी रामचंद्र पुरुषोत्तम | ||
| 630 | _a डॉ. होमी भाभा | ||
| 700 | _aकुलकर्णी रामचंद्र पुरुषोत्तम | ||
| 730 | _a डॉ. होमी भाभा | ||
| 942 | _cBOOK | ||
| 999 |
_c93336 _d93336 |
||